[Event "CZE-chT U18 Extraliga West 1617"]
[Site "Czech Republic"]
[Date "2017.01.21"]
[Round "6.3"]
[White "Janska, Jitka"]
[Black "Tajovska, Martina"]
[Result "1-0"]
[WhiteElo "2101"]
[BlackElo "1842"]
[PlyCount "117"]
[EventDate "2016.10.01"]
[EventType "team-tourn"]
[EventRounds "11"]
[EventCountry "CZE"]
[SourceTitle "EXT 2022"]
[Source "ChessBase"]
[SourceDate "2021.10.06"]
[SourceVersion "1"]
[SourceVersionDate "2021.10.06"]
[SourceQuality "1"]
[WhiteTeam "Klatovy U18"]
[BlackTeam "Bustehrad U18"]
[WhiteTeamCountry "CZE"]
[BlackTeamCountry "CZE"]

1. e4 c6 2. d4 d5 3. exd5 cxd5 4. c4 Nf6 5. Nc3 e6 6. a3 Nbd7 7. c5 e5 8. Qe2 Qe7 9. Nb5 Kd8 10. b4 exd4 11. Bf4 Qxe2+ 12. Bxe2 a6 13. Bc7+ Ke8 14. Nxd4 g6 15. Bf3 Bg7 16. 0-0-0 Ne4 17. Nh3 Ndf6 18. Rhe1 Be6 19. Be5 Bxh3 20. Bxe4 dxe4 21. gxh3 Kf8 22. a4 Nd5 23. Bxg7+ Kxg7 24. Nf5+ gxf5 25. Rxd5 Kf6 26. Rd6+ Ke5 27. Rd7 Rab8 28. Rxf7 Rhg8 29. f3 Rg2 30. fxe4 fxe4 31. Re7+ Kf5 32. Rf1+ Kg6 33. Rxe4 Rxh2 34. Rg4+ Kh6 35. Rh4+ Kg7 36. Rg1+ Kh8 37. Rd1 Rf8 38. Rd2 Rff2 39. Rxf2 Rxf2 40. b5 Kg7 41. c6 bxc6 42. b6 Rf7 43. a5 Kf8 44. Rb4 Rb7 45. Rc4 Ke8 46. Rxc6 Kd7 47. Rf6 Ke7 48. Rh6 Kd8 49. Kc2 Kc8 50. Rc6+ Kb8 51. Rc5 Rf7 52. Kd2 Rf4 53. Rh5 Rf7 54. Ke3 Kb7 55. Ke4 Kb8 56. Ke5 Rg7 57. Kf6 Rd7 58. h4 Ka8 59. Re5 1-0

[Event "CZE-chT U18 Extraliga West 1617"]
[Site "Czech Republic"]
[Date "2016.10.02"]
[Round "3.3"]
[White "Mladek, Richard"]
[Black "Tajovska, Martina"]
[Result "1-0"]
[WhiteElo "2055"]
[BlackElo "1842"]
[PlyCount "37"]
[EventDate "2016.10.01"]
[EventType "team-tourn"]
[EventRounds "11"]
[EventCountry "CZE"]
[SourceTitle "EXT 2022"]
[Source "ChessBase"]
[SourceDate "2021.10.06"]
[SourceVersion "1"]
[SourceVersionDate "2021.10.06"]
[SourceQuality "1"]
[WhiteTeam "Vlasim U18"]
[BlackTeam "Bustehrad U18"]
[WhiteTeamCountry "CZE"]
[BlackTeamCountry "CZE"]

1. d4 d5 2. c4 e6 3. Nc3 Nf6 4. Nf3 c6 5. e3 Be7 6. Bd3 Nbd7 7. 0-0 0-0 8. e4 dxc4 9. Bxc4 b5 10. Bd3 a6 11. Qc2 h6 12. Bf4 c5 13. Rad1 cxd4 14. Nxd4 Bb7 15. Nb3 Rc8 16. Qe2 Qe8 17. Na5 Ba8 18. e5 Nh7 19. Bxh7+ 1-0

[Event "CZE-chT U18 Extraliga West 1617"]
[Site "Czech Republic"]
[Date "2016.10.01"]
[Round "1.3"]
[White "Vitak, Jiri"]
[Black "Tajovska, Martina"]
[Result "0-1"]
[WhiteElo "1925"]
[BlackElo "1842"]
[PlyCount "41"]
[EventDate "2016.10.01"]
[EventType "team-tourn"]
[EventRounds "11"]
[EventCountry "CZE"]
[SourceTitle "EXT 2022"]
[Source "ChessBase"]
[SourceDate "2021.10.06"]
[SourceVersion "1"]
[SourceVersionDate "2021.10.06"]
[SourceQuality "1"]
[WhiteTeam "Liberec Desko U18"]
[BlackTeam "Bustehrad U18"]
[WhiteTeamCountry "CZE"]
[BlackTeamCountry "CZE"]

1. Nf3 Nf6 2. g3 g6 3. Bg2 Bg7 4. d4 d5 5. c4 c6 6. 0-0 0-0 7. cxd5 cxd5 8. Nc3 Nc6 9. Bf4 h6 10. Rc1 Be6 11. h4 Rc8 12. Ne5 Nh5 13. Nxc6 Rxc6 14. Be3 Qd7 15. Qd2 Kh7 16. Bf3 Nf6 17. Bf4 Bg4 18. Bxg4 Nxg4 19. f3 Nf6 20. e4 Rd8 21. e5 0-1

[Event "CZE-chT U20 Extraliga final-B 1415"]
[Site "Czech Republic"]
[Date "2015.04.25"]
[Round "9.5"]
[White "Gresova, Zuzana"]
[Black "Tajovska, Martina"]
[Result "1-0"]
[WhiteElo "1814"]
[BlackElo "1626"]
[PlyCount "67"]
[EventDate "2014.10.11"]
[EventType "team-tourn"]
[EventRounds "11"]
[EventCountry "CZE"]
[SourceTitle "EXT 2021"]
[Source "ChessBase"]
[SourceDate "2020.10.23"]
[SourceVersion "1"]
[SourceVersionDate "2020.10.23"]
[SourceQuality "1"]
[WhiteTeam "Frydek Mistek (U20)"]
[BlackTeam "Bustehrad (U20)"]
[WhiteTeamCountry "CZE"]
[BlackTeamCountry "CZE"]

1. e4 c6 2. d4 d5 3. e5 c5 4. c3 cxd4 5. cxd4 Nc6 6. Nc3 e6 7. Nf3 Nge7 8. Bd3 Bd7 9. 0-0 Ng6 10. a3 Rc8 11. Re1 Be7 12. g3 a6 13. Be3 Na5 14. Rc1 Nc4 15. Bxc4 dxc4 16. d5 exd5 17. Nxd5 Bc6 18. Nxe7 Nxe7 19. Nd4 Bd5 20. Bg5 Qd7 21. Bxe7 Kxe7 22. Qh5 Be6 23. Qg5+ Kf8 24. Nxe6+ Qxe6 25. Rcd1 g6 26. Rd6 h6 27. Qf4 Qf5 28. Qd4 Kg8 29. Rf6 Qd3 30. Qg4 Rc7 31. e6 Kg7 32. Qf4 Rf8 33. e7 Re8 34. Rxf7+ 1-0

[Event "Valasska Bystrice op"]
[Site "Valasska Bystrice"]
[Date "2014.09.14"]
[Round "2"]
[White "Pagac, Jaroslav"]
[Black "Tajovska, Martina"]
[Result "1/2-1/2"]
[WhiteElo "1928"]
[BlackElo "1588"]
[PlyCount "148"]
[EventDate "2014.09.13"]
[EventType "swiss"]
[EventRounds "9"]
[EventCountry "CZE"]
[SourceTitle "CBM 162 Extra"]
[Source "ChessBase"]
[SourceDate "2014.10.17"]
[SourceVersion "1"]
[SourceVersionDate "2014.10.17"]
[SourceQuality "1"]

1. Nf3 Nf6 2. b3 e6 3. Bb2 b6 4. e3 Bb7 5. Be2 Be7 6. d4 d5 7. Nbd2 0-0 8. Ne5 Nbd7 9. Nxd7 Qxd7 10. Nf3 Rfc8 11. 0-0 a5 12. a4 Ba6 13. Bxa6 Rxa6 14. Ne5 Qe8 15. Qd3 Raa8 16. c4 c6 17. f3 Bd6 18. Rac1 Bxe5 19. dxe5 Nd7 20. Bd4 Qe7 21. f4 Nc5 22. Bxc5 Qxc5 23. cxd5 Qxd5 24. Rfd1 Qxd3 25. Rxd3 b5 26. Rd6 bxa4 27. bxa4 c5 28. e4 Kf8 29. f5 Ke7 30. Rb6 Ra7 31. Kf2 c4 32. Rb5 c3 33. Ke3 c2 34. Rb2 Rac7 35. Kd2 Rd8+ 36. Ke2 Rd4 37. Ke3 Rcc4 38. Rbxc2 Rxe4+ 39. Kf2 Rxc2+ 40. Rxc2 Rxe5 41. fxe6 Kxe6 42. Kf3 Kd5 43. g4 h5 44. h3 hxg4+ 45. hxg4 Re1 46. Rb2 Re5 47. Rb7 Ke6 48. Rb6+ Ke7 49. Rb7+ Kf6 50. Rb6+ Kg5 51. Rb5 f6 52. Rb7 Kg6 53. Rb5 Kg5 54. Rb7 g6 55. Rb5 Kh6 56. Rb6 f5 57. gxf5 Rxf5+ 58. Kg3 Kg5 59. Rb5 Kh5 60. Rb1 g5 61. Rb5 Kg6 62. Rb6+ Kf7 63. Kg4 Rc5 64. Kg3 Ke7 65. Kg4 Kd7 66. Rf6 Kc7 67. Rg6 Rc4+ 68. Kxg5 Rxa4 69. Kf5 Rb4 70. Ke5 a4 71. Kd5 Kb7 72. Kc5 Rb2 73. Rg3 Rb3 74. Rg4 a3 1/2-1/2

[Event "Mlada Boleslav Region-ch U20"]
[Site "Mlada Boleslav"]
[Date "2014.06.21"]
[Round "4"]
[White "Sefcik, Jiri"]
[Black "Tajovska, Martina"]
[Result "0-1"]
[WhiteElo "1329"]
[BlackElo "1612"]
[PlyCount "36"]
[EventDate "2014.06.21"]
[EventType "swiss"]
[EventRounds "7"]
[EventCountry "CZE"]
[SourceTitle "EXT 2016"]
[Source "ChessBase"]
[SourceDate "2015.10.08"]
[SourceVersion "1"]
[SourceVersionDate "2015.10.08"]
[SourceQuality "1"]

1. e4 d6 2. Nf3 c5 3. d4 cxd4 4. Nxd4 Nc6 5. Bb5 Bd7 6. Bxc6 Bxc6 7. Nxc6 bxc6 8. Nc3 Nf6 9. Bg5 Rb8 10. b3 Qa5 11. Bxf6 gxf6 12. Qd3 Bg7 13. 0-0-0 f5 14. Na4 Qe5 15. exf5 Qf4+ 16. Qe3 Qxf5 17. Rxd6 Be5 18. Rxc6 Bf4 0-1

[Event "Mlada Boleslav Region-ch U20"]
[Site "Mlada Boleslav"]
[Date "2014.06.21"]
[Round "2"]
[White "Vosicky, David"]
[Black "Tajovska, Martina"]
[Result "0-1"]
[WhiteElo "1000"]
[BlackElo "1612"]
[PlyCount "84"]
[EventDate "2014.06.21"]
[EventType "swiss"]
[EventRounds "7"]
[EventCountry "CZE"]
[SourceTitle "EXT 2016"]
[Source "ChessBase"]
[SourceDate "2015.10.08"]
[SourceVersion "1"]
[SourceVersionDate "2015.10.08"]
[SourceQuality "1"]

1. e4 e5 2. Nf3 Nc6 3. d4 exd4 4. Nxd4 Bc5 5. c3 Qf6 6. Be3 Nge7 7. Bc4 Bb6 8. 0-0 d6 9. Qh5 Ne5 10. Qg5 Qxg5 11. Bxg5 Nxc4 12. f4 Nc6 13. Rd1 Nxb2 14. Rd2 Nc4 15. Rf2 Nxd4 16. cxd4 Bxd4 17. f5 Ne5 18. f6 Bxf2+ 19. Kxf2 Ng4+ 20. Kg1 Nxf6 21. Bxf6 gxf6 22. Nc3 c6 23. Rd1 Ke7 24. e5 fxe5 25. Ne4 d5 26. Nc5 Rg8 27. Kh1 b6 28. Nd3 e4 29. Ne5 Bb7 30. Rf1 Rg7 31. g4 f6 32. Rf5 fxe5 33. Rxe5+ Kd6 34. Rh5 c5 35. h4 d4 36. g5 d3 37. g6 e3+ 38. Kg1 Rxg6+ 39. Kf1 Rf8+ 40. Ke1 c4 41. Rxh7 c3 42. h5 Rg1# 0-1

[Event "CZE-ch U16 Girls"]
[Site "Kouty nad Desnou"]
[Date "2014.03.09"]
[Round "2"]
[White "Pokorna, Jana"]
[Black "Tajovska, Martina"]
[Result "1/2-1/2"]
[WhiteElo "1378"]
[BlackElo "1575"]
[PlyCount "110"]
[EventDate "2014.03.08"]
[EventType "swiss"]
[EventRounds "9"]
[EventCountry "CZE"]
[SourceTitle "EXT 2015"]
[Source "ChessBase"]
[SourceDate "2014.11.20"]
[SourceVersion "1"]
[SourceVersionDate "2014.11.20"]
[SourceQuality "1"]

1. e4 e5 2. Nf3 Nc6 3. d4 exd4 4. Nxd4 Bc5 5. Be3 Qf6 6. c3 Nge7 7. Qd2 h6 8. Nb5 Bxe3 9. Qxe3 Kd8 10. Nd2 Re8 11. Be2 Ng6 12. Qf3 Qxf3 13. Bxf3 Nge5 14. Be2 f5 15. 0-0 fxe4 16. Nxe4 a6 17. Na3 d6 18. Rfe1 Be6 19. Nd2 Kd7 20. Nac4 Rad8 21. Nxe5+ Nxe5 22. Nf3 Nxf3+ 23. Bxf3 b6 24. a3 Bf5 25. Rad1 Bc2 26. Rc1 Ba4 27. Kf1 Rxe1+ 28. Rxe1 Re8 29. Rxe8 Kxe8 30. Ke2 Ke7 31. Kd3 Ke6 32. Bg4+ Ke5 33. Bf3 Bb5+ 34. Ke3 a5 35. g3 c5 36. Bg2 Bc4 37. f4+ Kf5 38. Bh3+ Kf6 39. Ke4 Bb3 40. Kd3 d5 41. Bg4 Ke7 42. Bh3 Kd6 43. Bg4 Ba4 44. Bh3 Be8 45. Ke3 Kc6 46. Bf1 Bd7 47. Be2 Bf5 48. Bf1 Bc2 49. Be2 Ba4 50. Bf1 Kd6 51. Bh3 Ke7 52. Bg4 Kf6 53. Bh3 Bc2 54. Bg4 Bf5 55. Bf3 Be6 1/2-1/2

[Event "CZE-ch U16 Girls"]
[Site "Kouty nad Desnou"]
[Date "2014.03.08"]
[Round "1"]
[White "Tajovska, Martina"]
[Black "Janska, Jitka"]
[Result "0-1"]
[WhiteElo "1575"]
[BlackElo "1954"]
[PlyCount "68"]
[EventDate "2014.03.08"]
[EventType "swiss"]
[EventRounds "9"]
[EventCountry "CZE"]
[SourceTitle "EXT 2015"]
[Source "ChessBase"]
[SourceDate "2014.11.20"]
[SourceVersion "1"]
[SourceVersionDate "2014.11.20"]
[SourceQuality "1"]

1. e4 c5 2. Nc3 d6 3. f4 g6 4. Nf3 Bg7 5. Bc4 Nc6 6. d3 e6 7. 0-0 Nge7 8. Qe1 0-0 9. Kh1 a6 10. a3 Qc7 11. Qh4 Nd4 12. Nxd4 cxd4 13. Ne2 Nc6 14. Bd2 Qd8 15. Qxd8 Rxd8 16. Rf2 b5 17. Bb3 Ra7 18. Raf1 a5 19. Ng3 Ne7 20. c4 bxc4 21. Bxc4 d5 22. exd5 Nxd5 23. Ne4 Ne3 24. Rc1 Nxc4 25. dxc4 Bb7 26. Nc5 Bc6 27. b4 axb4 28. axb4 Bf8 29. Nd3 Be4 30. Ne5 Ra2 31. b5 Bb4 32. Rd1 Rda8 33. Be1 Ra1 34. Rxa1 Rxa1 0-1

[Event "Czech Fed-ch U16"]
[Site "Hrdonov"]
[Date "2013.10.26"]
[Round "1"]
[White "Tajovska, Martina"]
[Black "Reznicek, Dominik"]
[Result "0-1"]
[WhiteElo "1499"]
[BlackElo "1785"]
[PlyCount "36"]
[EventDate "2013.10.26"]
[EventType "swiss"]
[EventRounds "9"]
[EventCountry "CZE"]
[SourceTitle "EXT 2016"]
[Source "ChessBase"]
[SourceDate "2015.10.08"]
[SourceVersion "1"]
[SourceVersionDate "2015.10.08"]
[SourceQuality "1"]

1. e4 c6 2. d4 d5 3. exd5 cxd5 4. Bd3 Nc6 5. c3 Nf6 6. Ne2 g6 7. Bf4 Bg7 8. h3 a6 9. Nd2 Bf5 10. Qc2 e6 11. 0-0 Rc8 12. Nb3 Nb4 13. Qd2 Nxd3 14. Bg5 h6 15. Bxf6 Bxf6 16. g4 Be4 17. Nc5 Nxc5 18. dxc5 g5 0-1

[Event "Mlada Boleslav Region-ch U20"]
[Site "Mlada Boleslav"]
[Date "2013.06.23"]
[Round "6"]
[White "Tajovska, Martina"]
[Black "Jary, Zbynek"]
[Result "1/2-1/2"]
[WhiteElo "1499"]
[BlackElo "1488"]
[PlyCount "50"]
[EventDate "2013.06.22"]
[EventType "swiss"]
[EventRounds "7"]
[EventCountry "CZE"]
[SourceTitle "EXT 2015"]
[Source "ChessBase"]
[SourceDate "2014.11.20"]
[SourceVersion "1"]
[SourceVersionDate "2014.11.20"]
[SourceQuality "1"]

1. e4 e6 2. d4 d5 3. exd5 exd5 4. Bd3 Nf6 5. Bf4 Bd6 6. Ne2 Bg4 7. f3 Be6 8. 0-0 0-0 9. Qd2 Bxf4 10. Nxf4 Re8 11. Re1 Qd7 12. Qf2 Nc6 13. c3 Bf5 14. Nd2 Bxd3 15. Nxd3 Rxe1+ 16. Rxe1 Re8 17. Nc5 Qc8 18. Nf1 b6 19. Nd3 Qd8 20. Rxe8+ Qxe8 21. Qe3 Qxe3+ 22. Nxe3 Kf8 23. Nf4 Ne7 24. Kf2 c6 25. Nd3 Nd7 1/2-1/2

[Event "Mlada Boleslav Region-ch U20"]
[Site "Mlada Boleslav"]
[Date "2012.06.24"]
[Round "6"]
[White "Tajovska, Martina"]
[Black "Zlamana, Anna"]
[Result "1/2-1/2"]
[WhiteElo "1424"]
[BlackElo "1327"]
[PlyCount "62"]
[EventDate "2012.06.23"]
[EventType "swiss"]
[EventRounds "7"]
[EventCountry "CZE"]
[SourceTitle "EXT 2014"]
[Source "ChessBase"]
[SourceDate "2013.11.20"]
[SourceVersion "1"]
[SourceVersionDate "2013.11.20"]
[SourceQuality "1"]

1. e4 e5 2. Bc4 Nf6 3. Nc3 Bb4 4. Nge2 0-0 5. 0-0 d6 6. d4 Bxc3 7. Nxc3 c6 8. dxe5 dxe5 9. Bg5 b5 10. Qxd8 Rxd8 11. Bxf6 gxf6 12. Bb3 a5 13. a4 b4 14. Ne2 Ba6 15. Rfe1 c5 16. Ng3 c4 17. Ba2 Nc6 18. Nh5 Nd4 19. Rac1 c3 20. bxc3 Ne2+ 21. Rxe2 Bxe2 22. Nxf6+ Kg7 23. Nd5 bxc3 24. Nxc3 Bg4 25. f3 Be6 26. Bxe6 fxe6 27. Nb5 Rab8 28. c4 Rd2 29. c5 Rbd8 30. Nd6 Rd4 31. Ra1 Kf6 1/2-1/2